000 01408nam a2200217Ia 4500
003 Ost
005 20260507075743.0
008 260507s9999||||xx |||||||||||||| ||und||
040 _cfsecg
041 _aara
082 _a330
100 _aمصطفى، أحمد فريد
_eمؤلف
245 0 _aالنقود والتوازن الإقتصادي /
_c أحمد فريد مصطفى
260 _aالإسكندرية:
_bمؤسسة شباب الجامعة,
_c2000
300 _a361 صفحة؛
_bإيضاحات ؛
_c25 سم
520 _aالنقود أشكالها التاريخية وتطورها- طبيعة النقود وماهيتها- الوظائف الإقتصادية للنقود- التقسيم النوعي للنقود- أثر النقود على المتغيرات الإقتصادية- النيوكلاسيك والطلب على النقود- التحليل النقدي لدالة الطلب على النقود- العوامل المحددة لكمية النقود- المناهج والنظريات المختلفة للتوازن الإقتصادي- نماذج التوازن- أنظمة والسياسات النقدية- الجهاز المصرفي- سوق المال( بورصة الاوراق المالية).
653 _aالتوازن الإقتصادي
653 _aالنقود
700 _aحسن، سهير محمد السيد
_eمؤلف ثانوي
942 _cكتاب
999 _c46169
_d46169